000 00615nam a2200205 i 4500
001 77299
003 ES-MaACL
005 20230906173143.0
007 t|
008 041007s1960 sp ||||1| spa d
100 1 _aHamilton, Donald.
_961657
245 1 0 _aHorizontes de grandeza /
_cpor Donald Hamilton ; [versión castellana de César de Montserrat].
260 _aBarcelona :
_bG.P.,
_c[1960] (
_fGuada)
300 _a160 p. ;
_c18 cm.
490 1 _aLibros Plaza
700 1 _aMontserrat, César de.
_982735
830 0 _aLibros Plaza
_9181449
852 _aES-MaACL
_jC-17161
_bR.45677
999 _c77299
_d77299